000 00505nam a22001577a 4500
999 _c6918
_d6918
003 GBCCL
005 20241126110615.0
008 180703b ||||| |||| 00| 0 eng d
040 _cGBC
082 _2Special Crusade Edition
_a225.5203
_bBIB
245 _aThe New Testament Psalms, Proverbs Plus Aids to Christian Living
_bKing James Version
260 _aMinneapolis:
_bThe Billy Graham Evangelistic Association,
_c1964.
300 _a702p.
_c16cm
650 _aBible - NT
_vEnglish
_912336
942 _2ddc
_cREF